Ako zdaniť zmluvu o dielo od roku 2018

Zmluva o dielo môže mať rôzne režimy zdaňovania v závislosti od toho, podľa akého zákona je uzatvorená a kto ju uzatvára. Ako správne zdaniť zmluvu o dielo po novele zákona o dani z príjmov od roku 2018.

Na minha lista:
Detalhes bibliográficos
Autor principal: Matuský, Tomáš
Formato: Capítulo de Livro
Idioma:eslovaco
Assuntos:
Tags: Adicionar Tag
Sem tags, seja o primeiro a adicionar uma tag!

MARC

LEADER 00000nla a2200000 4500
001 0240691
005 20240502073922.0
041 0 |a slo 
044 |a SK 
245 1 0 |a Ako zdaniť zmluvu o dielo od roku 2018  |c Tomáš Matuský 
520 |a Zmluva o dielo môže mať rôzne režimy zdaňovania v závislosti od toho, podľa akého zákona je uzatvorená a kto ju uzatvára. Ako správne zdaniť zmluvu o dielo po novele zákona o dani z príjmov od roku 2018. 
610 2 0 |a zdaňovanie 
610 2 0 |a dane z príjmov 
610 2 0 |a zmluvy o dielo 
610 2 0 |a zákonník obchodný 
610 2 0 |a podnikatelia 
100 1 |a Matuský, Tomáš